La societas europaea : origen y desarrollo del estatuto de la sociedad anónima /
Guardado en:
| Autor Principal: | |
|---|---|
| Otros Autores: | |
| Formato: | Libro |
| Idioma: | Spanish |
| Publicado: |
Buenos Aires :
Editora Platense,
2004
|
| Edición: | 1a. ed. |
| Materias: | |
| Etiquetas: |
Agregar Etiqueta
Sin Etiquetas, Sea el primero en etiquetar este registro!
|
| LEADER | 00592nam a22001695a 4500 | ||
|---|---|---|---|
| 001 | DER.der000355 | ||
| 008 | 180615s2004####ag#||||||||||||||#||spa|| | ||
| 005 | 20251013110542.0 | ||
| 245 | 1 | 0 | |a La societas europaea : |b origen y desarrollo del estatuto de la sociedad anónima / |c Diego Arturo Duprat ; prólogo de Julio C. Otaegui. |
| 250 | |a 1a. ed. | ||
| 260 | |a Buenos Aires : |b Editora Platense, |c 2004 | ||
| 300 | |a 189 p. | ||
| 020 | |a 9505361564 | ||
| 100 | 1 | |a Duprat, Diego Arturo J. | |
| 700 | 1 | |a Otaegui, Julio C., |e prol. | |
| 650 | 7 | |a DERECHO SOCIETARIO | |
| 859 | |a DERECHO |b BIB. DERECHO |h 346.06 |i DUP |p 000186 | ||
